[Event "GER-chT10 LJ-21 Br02 email"]
[Site "GER email"]
[Date "2013.10.04"]
[Round "?"]
[White "Mantu, Eugen"]
[Black "Schneider, Wolfgang"]
[Result "1/2-1/2"]
[WhiteElo "2054"]
[BlackElo "2238"]
[PlyCount "63"]
[EventDate "2013.10.15"]
[EventType "tourn (corr)"]
[EventRounds "8"]
[EventCountry "GER"]
[SourceTitle "Corr 2015"]
[Source "ChessBase"]
[SourceDate "2015.07.17"]
[SourceVersion "1"]
[SourceVersionDate "2015.07.17"]
[SourceQuality "1"]

1. e4 c5 2. Nf3 Nc6 3. d4 cxd4 4. Nxd4 Nf6 5. Nc3 e5 6. Ndb5 d6 7. Bg5 a6 8. Na3 b5 9. Nd5 Be7 10. Nxe7 Nxe7 11. Bxf6 gxf6 12. c4 f5 13. exf5 Nxf5 14. cxb5 Nd4 15. bxa6 Bxa6 16. Bxa6 Qa5+ 17. Qd2 Qxa6 18. Nc2 Nxc2+ 19. Qxc2 Rc8 20. Qd2 Rg8 21. f3 Qa4 22. b3 Qh4+ 23. Kf1 Qf6 24. Rd1 Qg6 25. Rg1 Rc2 26. Qb4 Rxa2 27. Rxd6 Qb1+ 28. Qe1 Qb2 29. Rd5 f6 30. Ra5 Rxa5 31. Qxa5 Qxb3 32. Qc7 1/2-1/2

[Event "GER-chT10 LJ-21 Br02 email"]
[Site "GER email"]
[Date "2013.10.04"]
[Round "?"]
[White "Schneider, Wolfgang"]
[Black "Boehme, Sebastian"]
[Result "1/2-1/2"]
[WhiteElo "2238"]
[BlackElo "2262"]
[PlyCount "80"]
[EventDate "2013.10.15"]
[EventType "tourn (corr)"]
[EventRounds "8"]
[EventCountry "GER"]
[SourceTitle "Corr 2015"]
[Source "ChessBase"]
[SourceDate "2015.07.17"]
[SourceVersion "1"]
[SourceVersionDate "2015.07.17"]
[SourceQuality "1"]

1. e4 e5 2. Nf3 Nc6 3. Bb5 Nf6 4. 0-0 Nxe4 5. d4 Nd6 6. Bxc6 dxc6 7. dxe5 Nf5 8. Qxd8+ Kxd8 9. Nc3 Ke8 10. h3 h6 11. Rd1 Be7 12. Ne2 b6 13. b3 a5 14. g4 Nh4 15. Nxh4 Bxh4 16. Nd4 c5 17. Nb5 Bd8 18. a4 Bb7 19. Bb2 h5 20. g5 Be4 21. c4 h4 22. f4 Bc2 23. Re1 Kd7 24. e6+ fxe6 25. Rec1 Be4 26. Rd1+ Kc6 27. Re1 Bf5 28. Bxg7 Rh7 29. Be5 Bxh3 30. Red1 Bg4 31. Rd2 Rd7 32. Raa2 Rxd2 33. Rxd2 Bf5 34. Kh2 h3 35. Rd1 Bc2 36. Rc1 Bf5 37. Rg1 Be7 38. Bxc7 Rg8 39. Rd1 Bc2 40. Re1 Bf5 1/2-1/2

[Event "GER-chT10 LJ-21 Br02 email"]
[Site "GER email"]
[Date "2013.10.04"]
[Round "?"]
[White "Schneider, Wolfgang"]
[Black "Meyer, Klaus Dieter"]
[Result "1/2-1/2"]
[WhiteElo "2238"]
[BlackElo "2203"]
[PlyCount "87"]
[EventDate "2013.10.15"]
[EventType "tourn (corr)"]
[EventRounds "8"]
[EventCountry "GER"]
[SourceTitle "Corr 2015"]
[Source "ChessBase"]
[SourceDate "2015.07.17"]
[SourceVersion "1"]
[SourceVersionDate "2015.07.17"]
[SourceQuality "1"]

1. e4 c5 2. Nf3 Nc6 3. d4 cxd4 4. Nxd4 Nf6 5. Nc3 e5 6. Ndb5 d6 7. Bg5 a6 8. Na3 b5 9. Bxf6 gxf6 10. Nd5 f5 11. Bd3 Be6 12. 0-0 Bxd5 13. exd5 Ne7 14. c3 Bg7 15. Re1 0-0 16. Qh5 e4 17. Bf1 Re8 18. Nc2 Nxd5 19. Qxf5 Re5 20. Qg4 h5 21. Qd1 Qb6 22. Qd4 Qxd4 23. Nxd4 b4 24. c4 Nf4 25. Nc6 Rc5 26. Nxb4 a5 27. Nc2 d5 28. Ne3 d4 29. g3 dxe3 30. gxf4 exf2+ 31. Kxf2 Bd4+ 32. Kg2 Re8 33. Rad1 Bxb2 34. Bd3 f5 35. Be2 Bf6 36. Rd6 Be7 37. Rd7 Kf8 38. Rb1 Rd8 39. Rxd8+ Bxd8 40. Bxh5 Rxc4 41. Rb5 Rc2+ 42. Kg3 Rxa2 43. Rxf5+ Kg7 44. Re5 1/2-1/2